[Event "Liga Insular Gran Canaria 1a Descenso"]
[Site "Las Palmas"]
[Date "2019.05.25"]
[Round "1.1"]
[White "Alba Santana, Cayetano"]
[Black "Lopez Colon, Francisco"]
[Result "0-1"]
[WhiteElo "1853"]
[BlackElo "1921"]
[PlyCount "114"]
[EventDate "2019.05.25"]
[EventType "team-tourn"]
[EventRounds "3"]
[EventCountry "ESP"]
[SourceTitle "EXT 2021"]
[Source "ChessBase"]
[SourceDate "2020.10.23"]
[SourceVersion "1"]
[SourceVersionDate "2020.10.23"]
[SourceQuality "1"]
[WhiteTeam "Grandama II"]
[BlackTeam "Villa de Teror II"]
[WhiteTeamCountry "ESP"]
[BlackTeamCountry "ESP"]

1. Nf3 d5 2. g3 c5 3. c4 Nf6 4. cxd5 Nxd5 5. Bg2 Nc6 6. 0-0 e5 7. d3 Be7 8. a3 0-0 9. Nbd2 Be6 10. Nc4 f6 11. h4 Qd7 12. Kh2 b5 13. Ne3 Nb6 14. b3 Rac8 15. Bb2 Nd4 16. Nd2 f5 17. Rb1 f4 18. Nc2 Bf6 19. Nxd4 cxd4 20. Rc1 Rxc1 21. Qxc1 Rc8 22. Qb1 Nd5 23. Rc1 fxg3+ 24. fxg3 Ne3 25. Rxc8+ Qxc8 26. Qc1 Qxc1 27. Bxc1 Nxg2 28. Kxg2 Bd5+ 29. Kh3 h5 30. b4 Kf7 31. Ne4 Be7 32. Bd2 Ke6 33. Nf2 Kf5 34. e4+ dxe3 35. Bxe3 a6 36. Kh2 a5 37. Bd2 a4 38. Be3 Bf3 39. Kg1 e4 40. dxe4+ Bxe4 41. Bd4 Bf6 42. Bxf6 gxf6 43. Kf1 Bf3 44. Ke1 Ke5 45. Kd2 Kd4 46. Nd3 Kc4 47. Nc5 Bg4 48. Ke3 Bf5 49. Kd2 Kd4 50. Na6 Ke4 51. Ke2 Bg4+ 52. Kf2 Kd3 53. Nc5+ Kc2 54. Ne4 Kb3 55. Nxf6 Kxa3 56. Nxg4 Kb3 57. Ne3 a3 0-1

[Event "Liga Insular Gran Canaria Preferente"]
[Site "Las Palmas"]
[Date "2019.05.18"]
[Round "7.3"]
[White "Lopez Colon, Francisco"]
[Black "Ruiz Romero, Pedro"]
[Result "1-0"]
[WhiteElo "1921"]
[BlackElo "1796"]
[PlyCount "41"]
[EventDate "2019.03.02"]
[EventType "team-tourn"]
[EventRounds "9"]
[EventCountry "ESP"]
[SourceTitle "EXT 2021"]
[Source "ChessBase"]
[SourceDate "2020.10.23"]
[SourceVersion "1"]
[SourceVersionDate "2020.10.23"]
[SourceQuality "1"]
[WhiteTeam "Villa de Teror"]
[BlackTeam "Anand"]
[WhiteTeamCountry "ESP"]
[BlackTeamCountry "ESP"]

1. d4 Nf6 2. c4 e6 3. Nf3 d5 4. Nc3 h6 5. Bf4 Bd6 6. Bxd6 cxd6 7. cxd5 exd5 8. Qb3 Qa5 9. Qb5+ Nc6 10. e3 Bd7 11. Qxa5 Nxa5 12. Bb5 Nc6 13. 0-0 a6 14. Ba4 0-0 15. Rfc1 Rac8 16. a3 Be6 17. b4 b5 18. Bb3 Rc7 19. Nd2 Rfc8 20. Ne2 Nxd4 21. exd4 1-0

[Event "Canarias-chT"]
[Site "Vecindario"]
[Date "2018.06.02"]
[Round "5.1"]
[White "Lopez Colon, Francisco"]
[Black "Monte Soto, Jose Aurelio"]
[Result "1-0"]
[WhiteElo "1978"]
[BlackElo "1693"]
[PlyCount "119"]
[EventDate "2018.05.31"]
[EventType "team-swiss"]
[EventRounds "6"]
[EventCountry "ESP"]
[SourceTitle "EXT 2024"]
[Source "ChessBase"]
[SourceDate "2023.10.10"]
[SourceVersion "1"]
[SourceVersionDate "2023.10.10"]
[SourceQuality "1"]
[WhiteTeam "Villa de Teror Goya "]
[BlackTeam "Mogan V"]
[WhiteTeamCountry "ESP"]
[BlackTeamCountry "ESP"]

1. d4 c6 2. c4 d5 3. e3 e6 4. Nf3 f5 5. Be2 Nf6 6. 0-0 Bd6 7. b3 Qe7 8. a4 0-0 9. Ba3 Ne4 10. Bxd6 Qxd6 11. Qc2 Nd7 12. Nc3 Ndf6 13. c5 Qe7 14. Ne5 Bd7 15. b4 Nxc3 16. Qxc3 a6 17. Qb2 Rfc8 18. b5 axb5 19. axb5 cxb5 20. Bxb5 Bxb5 21. Qxb5 Rxa1 22. Rxa1 Ng4 23. Nf3 h6 24. h3 Nf6 25. Ne5 g5 26. Ra7 Rc7 27. c6 bxc6 28. Nxc6 Qf7 29. Qb8+ Ne8 30. Rxc7 Qxc7 31. Qxe8+ Kg7 32. Qe7+ Qxe7 33. Nxe7 Kf6 34. Nc6 h5 35. f4 gxf4 36. exf4 Kf7 37. g3 Ke8 38. Kf2 Kd7 39. Ne5+ Kc7 40. Ke3 Kd6 41. Kd3 Ke7 42. Kc3 Kf6 43. Kb4 Kg7 44. Kc5 Kh6 45. Kd6 h4 46. gxh4 Kh5 47. Nf3 Kh6 48. Kxe6 Kh5 49. Kxf5 Kh6 50. Ke5 Kh5 51. Kxd5 Kh6 52. f5 Kh5 53. f6 Kh6 54. f7 Kg7 55. Ke6 Kf8 56. d5 Kg7 57. d6 Kh7 58. f8Q Kg6 59. Qf6+ Kh5 60. Qg5# 1-0

[Event "Canarias-chT"]
[Site "Vecindario"]
[Date "2018.05.31"]
[Round "1.1"]
[White "Barlov, Dragan"]
[Black "Lopez Colon, Francisco"]
[Result "1-0"]
[WhiteElo "2412"]
[BlackElo "1978"]
[PlyCount "117"]
[EventDate "2018.05.31"]
[EventType "team-swiss"]
[EventRounds "6"]
[EventCountry "ESP"]
[SourceTitle "EXT 2019"]
[Source "ChessBase"]
[SourceDate "2018.10.10"]
[SourceVersion "1"]
[SourceVersionDate "2018.10.10"]
[SourceQuality "1"]
[WhiteTeam "Aguas de Teror Centro Goya"]
[BlackTeam "Villa de Teror Goya "]
[WhiteTeamCountry "ESP"]
[BlackTeamCountry "ESP"]

1. d4 d5 2. c4 e6 3. Nf3 Nf6 4. Qc2 Be7 5. g3 0-0 6. Bg2 c6 7. 0-0 Ne4 8. Nbd2 f5 9. Ne5 Nd7 10. Nd3 Nb6 11. c5 Nd7 12. f3 Nxd2 13. Bxd2 Bf6 14. Bc3 b6 15. b4 a5 16. a3 Ba6 17. f4 Bxd3 18. Qxd3 a4 19. cxb6 Qxb6 20. e3 Rfc8 21. Rf2 Be7 22. Be1 Nf6 23. Rc2 Ne4 24. g4 g6 25. Rac1 Nd6 26. h3 Kf7 27. Bf3 Qb5 28. Qd1 Qb7 29. Rg2 Rg8 30. Qc2 Nc4 31. Qd3 Nd6 32. Be2 Ke8 33. Qc2 Kd7 34. Bd3 Rgc8 35. Qd1 Rg8 36. Qc2 Rgc8 37. Bc3 Rg8 38. Bb2 Rgc8 39. Qd1 Rg8 40. Qf3 Rac8 41. Kh1 Ra8 42. Rcg1 Rac8 43. Rh2 Rg7 44. Qd1 Ra8 45. g5 Rgg8 46. h4 Rh8 47. h5 Nc4 48. Bxc4 dxc4 49. d5 Rhd8 50. hxg6 hxg6 51. d6 c5+ 52. Rgg2 Kc8 53. bxc5 Qe4 54. Qc2 Qf3 55. Qe2 Qxe2 56. Rxe2 Bf8 57. Bf6 Rd7 58. Rb2 Rf7 59. Rh8 1-0

[Event "Las Palmas Insular-chT Segunda 1718"]
[Site "Las Palmas"]
[Date "2018.02.03"]
[Round "7.2"]
[White "Lopez Colon, Francisco"]
[Black "Marrero Cardenes, Agustin"]
[Result "0-1"]
[WhiteElo "1978"]
[BlackElo "2061"]
[PlyCount "66"]
[EventDate "2017.10.28"]
[EventType "team-swiss"]
[EventRounds "9"]
[EventCountry "ESP"]
[SourceTitle "EXT 2021"]
[Source "ChessBase"]
[SourceDate "2020.10.23"]
[SourceVersion "1"]
[SourceVersionDate "2020.10.23"]
[SourceQuality "1"]
[WhiteTeam "Villa de Teror II"]
[BlackTeam "Maspalomas"]
[WhiteTeamCountry "ESP"]
[BlackTeamCountry "ESP"]

1. d4 d5 2. c4 c6 3. e3 Nf6 4. Nc3 e6 5. Nf3 Bd6 6. Qc2 Nbd7 7. cxd5 exd5 8. Bd3 0-0 9. 0-0 Re8 10. e4 dxe4 11. Nxe4 Nxe4 12. Bxe4 Nf6 13. Bg5 h6 14. Bxf6 Qxf6 15. h3 g5 16. Rfe1 Kh8 17. d5 c5 18. Qc3 Qxc3 19. bxc3 Bd7 20. Bd3 b5 21. Kf1 a5 22. Rxe8+ Rxe8 23. Re1 Rb8 24. Ne5 Bxe5 25. Rxe5 b4 26. Re7 Ba4 27. c4 b3 28. axb3 Bxb3 29. Ra7 a4 30. Ra5 Kg7 31. Ke2 Rb4 32. Rxc5 a3 33. Ra5 a2 0-1

[Event "Gran Canaria Fiestas Dolores 2nd"]
[Site "Gran Canaria"]
[Date "2017.09.15"]
[Round "6"]
[White "Lopez Colon, Francisco"]
[Black "Guerra Aleman, Marcial"]
[Result "1-0"]
[WhiteElo "1949"]
[BlackElo "1692"]
[PlyCount "47"]
[EventDate "2017.09.04"]
[EventType "swiss"]
[EventRounds "6"]
[EventCountry "ESP"]
[SourceTitle "CBM 180 Extra"]
[Source "ChessBase"]
[SourceDate "2017.10.06"]
[SourceVersion "1"]
[SourceVersionDate "2017.10.06"]
[SourceQuality "1"]

1. d4 Nf6 2. c4 g6 3. Nc3 Bg7 4. e4 d6 5. Nf3 0-0 6. Be2 e5 7. 0-0 Nc6 8. d5 Ne7 9. b4 Ne8 10. Nd2 f5 11. f3 f4 12. c5 g5 13. Nc4 Ng6 14. Bd2 h5 15. Be1 Rf7 16. cxd6 cxd6 17. Bf2 Bf8 18. Nb5 b6 19. a4 Rb8 20. a5 g4 21. axb6 gxf3 22. Bxf3 axb6 23. Na7 Bd7 24. b5 1-0

[Event "Las Palmas Insular-chT Primera-B 1617"]
[Site "Las Palmas"]
[Date "2016.12.03"]
[Round "6.1"]
[White "Lopez Colon, Francisco"]
[Black "Arana Herrera, Antonio"]
[Result "1/2-1/2"]
[WhiteElo "1999"]
[BlackElo "1930"]
[PlyCount "116"]
[EventDate "2016.10.22"]
[EventType "team-tourn"]
[EventRounds "14"]
[EventCountry "ESP"]
[SourceTitle "EXT 2018"]
[Source "ChessBase"]
[SourceDate "2017.10.13"]
[SourceVersion "1"]
[SourceVersionDate "2017.10.13"]
[SourceQuality "1"]
[WhiteTeam "Drago de Sataute Centro Goya III"]
[BlackTeam "Telde Los Llanos"]
[WhiteTeamCountry "ESP"]
[BlackTeamCountry "ESP"]

1. d4 Nf6 2. Nf3 d5 3. c4 c6 4. e3 Bf5 5. Nc3 e6 6. Be2 Nbd7 7. 0-0 h6 8. a3 Bd6 9. b4 Qe7 10. Bb2 0-0 11. cxd5 cxd5 12. Nb5 Bb8 13. Rc1 Ne8 14. g3 Nb6 15. Nd2 a6 16. Nc3 Nd6 17. Na4 Nxa4 18. Qxa4 b5 19. Qd1 Nc4 20. Bxc4 dxc4 21. e4 Bg6 22. Qe2 Ba7 23. Nf3 Qb7 24. Rfe1 Bb8 25. Nh4 Bh7 26. f4 a5 27. Bc3 Bd6 28. f5 axb4 29. Bxb4 Bxb4 30. axb4 Qd7 31. Qf2 Ra3 32. Rb1 Rfa8 33. Red1 Ra2 34. Qf4 exf5 35. exf5 Qd5 36. Rd2 Rxd2 37. Qxd2 Bxf5 38. Nxf5 Qxf5 39. Rf1 Qd5 40. Qb2 Re8 41. Rd1 Re3 42. Qg2 Qxg2+ 43. Kxg2 Kf8 44. d5 Ke7 45. d6+ Kd7 46. Rd5 Re6 47. Rxb5 Rxd6 48. Kf3 Rc6 49. Ke2 c3 50. Kd1 c2+ 51. Kc1 Ke6 52. Rb7 g6 53. b5 Rc5 54. b6 Rc6 55. Rb8 Kd7 56. Rb7+ Ke6 57. Rb8 Kd7 58. Rb7+ Ke6 1/2-1/2

[Event "Las Palmas Insular-chT Pref"]
[Site "Las Palmas "]
[Date "2016.03.05"]
[Round "13.4"]
[White "Lopez Colon, Francisco"]
[Black "Rodriguez Muela, Juan Argelio"]
[Result "1-0"]
[WhiteElo "1982"]
[BlackElo "1507"]
[PlyCount "70"]
[EventDate "2015.10.17"]
[EventType "team-tourn"]
[EventRounds "14"]
[EventCountry "ESP"]
[SourceTitle "EXT 2017"]
[Source "ChessBase"]
[SourceDate "2016.10.25"]
[SourceVersion "1"]
[SourceVersionDate "2016.10.25"]
[SourceQuality "1"]
[WhiteTeam "Goya Villa de Teror"]
[BlackTeam "Piscolabis Oleaje San Andres"]
[WhiteTeamCountry "ESP"]
[BlackTeamCountry "ESP"]

1. d4 d5 2. c4 e6 3. Nc3 Nf6 4. Bg5 Be7 5. e3 Nbd7 6. Nf3 c5 7. dxc5 Nxc5 8. cxd5 Nxd5 9. Bxe7 Kxe7 10. Qd4 Qb6 11. Nxd5+ exd5 12. Rc1 Ne6 13. Qxb6 axb6 14. a3 Nc5 15. Nd4 Bg4 16. Be2 Bxe2 17. Kxe2 Rhc8 18. Rhd1 g6 19. Nb5 Ra5 20. Nc3 d4 21. exd4 Nb3 22. Nd5+ Kd8 23. Rxc8+ Kxc8 24. Nxb6+ Kc7 25. Nc4 Ra4 26. Ne5 Nxd4+ 27. Kf1 f6 28. Ng4 f5 29. Ne5 Kb8 30. Nd7+ Ka7 31. Nf8 Nc2 32. Rd2 Rc4 33. Nxh7 Nd4 34. f3 Rc1+ 35. Kf2 f4 1-0

[Event "Gran Canaria Cabildo op"]
[Site "Gran Canaria"]
[Date "2016.03.04"]
[Round "6"]
[White "Galvan Sarmiento, Jose Luis"]
[Black "Lopez Colon, Francisco"]
[Result "0-1"]
[WhiteElo "1958"]
[BlackElo "1995"]
[PlyCount "90"]
[EventDate "2016.02.16"]
[EventType "swiss"]
[EventRounds "9"]
[EventCountry "ESP"]
[SourceTitle "CBM 171 Extra"]
[Source "ChessBase"]
[SourceDate "2016.04.26"]
[SourceVersion "1"]
[SourceVersionDate "2016.04.26"]
[SourceQuality "1"]

1. d4 d5 2. Bf4 c5 3. e3 Nc6 4. c3 e6 5. Nf3 Nf6 6. Bd3 Bd6 7. Bg3 0-0 8. Nbd2 h6 9. Ne5 Bxe5 10. dxe5 Nd7 11. f4 c4 12. Bc2 Qb6 13. 0-0 Qxb2 14. Rc1 Qxa2 15. Qh5 Nc5 16. Nf3 Nd3 17. Bxd3 cxd3 18. Rfd1 Qb2 19. Bf2 b6 20. g4 Ne7 21. Nd4 Bd7 22. Be1 Nc6 23. Rb1 Qa2 24. Ra1 Qc4 25. g5 Nxd4 26. exd4 hxg5 27. fxg5 Ba4 28. Rdb1 Bc2 29. Rb4 Qc7 30. Bd2 Rfc8 31. Rf1 g6 32. Qh6 Qe7 33. Rb2 Rc4 34. Ra2 Ra4 35. Rxa4 Bxa4 36. Rf3 Bd1 37. Rxd3 Bh5 38. Rh3 a5 39. Rxh5 gxh5 40. Qxh5 a4 41. Kf2 a3 42. g6 fxg6 43. Qxg6+ Qg7 44. Qb1 a2 45. Qa1 Qg6 0-1

[Event "Gran Canaria Cabildo op"]
[Site "Gran Canaria"]
[Date "2016.02.26"]
[Round "4"]
[White "Garcia Blanco, Omar"]
[Black "Lopez Colon, Francisco"]
[Result "1-0"]
[WhiteElo "2278"]
[BlackElo "1995"]
[PlyCount "39"]
[EventDate "2016.02.16"]
[EventType "swiss"]
[EventRounds "9"]
[EventCountry "ESP"]
[SourceTitle "CBM 171 Extra"]
[Source "ChessBase"]
[SourceDate "2016.04.26"]
[SourceVersion "1"]
[SourceVersionDate "2016.04.26"]
[SourceQuality "1"]

1. e4 c5 2. c3 d5 3. exd5 Qxd5 4. d4 Nc6 5. Nf3 Bg4 6. Be2 cxd4 7. cxd4 e6 8. Nc3 Qa5 9. Bd2 Qd8 10. Qa4 Nge7 11. 0-0 Bxf3 12. Bxf3 Qxd4 13. Qb3 Rb8 14. Nb5 Qd8 15. Bf4 Nd5 16. Bxd5 exd5 17. Nc7+ Kd7 18. Qh3+ Ke7 19. Rfe1+ Kf6 20. Re6+ 1-0

[Event "Gran Canaria Santana Memorial 4th"]
[Site "Gran Canaria"]
[Date "2015.12.11"]
[Round "9"]
[White "Sanchez Quintero, Raul"]
[Black "Lopez Colon, Francisco"]
[Result "1/2-1/2"]
[WhiteElo "1997"]
[BlackElo "1984"]
[PlyCount "22"]
[EventDate "2015.11.20"]
[EventType "swiss"]
[EventRounds "9"]
[EventCountry "ESP"]
[SourceTitle "EXT 2017"]
[Source "ChessBase"]
[SourceDate "2016.10.25"]
[SourceVersion "1"]
[SourceVersionDate "2016.10.25"]
[SourceQuality "1"]

1. d4 d5 2. c4 e6 3. Nc3 Nf6 4. Bg5 Be7 5. e3 0-0 6. Nf3 Nbd7 7. Bd3 dxc4 8. Bxc4 Nd5 9. Bxe7 Qxe7 10. Qc2 Nxc3 11. bxc3 e5 1/2-1/2

[Event "Gran Canaria Santana Memorial 4th"]
[Site "Gran Canaria"]
[Date "2015.11.27"]
[Round "4"]
[White "Lopez Colon, Francisco"]
[Black "Rojas Mirabal, Pedro"]
[Result "1/2-1/2"]
[WhiteElo "1984"]
[BlackElo "2111"]
[PlyCount "50"]
[EventDate "2015.11.20"]
[EventType "swiss"]
[EventRounds "9"]
[EventCountry "ESP"]
[SourceTitle "EXT 2017"]
[Source "ChessBase"]
[SourceDate "2016.10.25"]
[SourceVersion "1"]
[SourceVersionDate "2016.10.25"]
[SourceQuality "1"]

1. d4 Nf6 2. c4 e6 3. Nc3 c5 4. d5 exd5 5. cxd5 d6 6. e4 g6 7. Nf3 Bg7 8. Be2 0-0 9. 0-0 Bg4 10. Bf4 Bxf3 11. Bxf3 a6 12. a4 Re8 13. a5 Qc7 14. Qd2 Nbd7 15. Rfe1 Ne5 16. Be2 Qe7 17. f3 Nfd7 18. Bh6 f6 19. Bxg7 Kxg7 20. f4 Nf7 21. Bc4 Qd8 22. Ra2 Qc7 23. b3 Re7 24. Rf1 Ree8 25. Bd3 Rad8 1/2-1/2

[Event "Las Palmas Insular-chT Pref-A"]
[Site "Las Palmas"]
[Date "2015.11.14"]
[Round "3.1"]
[White "Lopez Colon, Francisco"]
[Black "Vega Gutierrez, Belinda Vidina"]
[Result "0-1"]
[WhiteElo "1982"]
[BlackElo "2163"]
[PlyCount "64"]
[EventDate "2015.10.17"]
[EventType "team-tourn"]
[EventRounds "14"]
[EventCountry "ESP"]
[SourceTitle "CBM 170 Extra"]
[Source "ChessBase"]
[SourceDate "2016.02.25"]
[SourceVersion "1"]
[SourceVersionDate "2016.02.25"]
[SourceQuality "1"]
[WhiteTeam "Goya Villa de Teror II"]
[BlackTeam "Grandama Santa Lucia"]
[WhiteTeamCountry "ESP"]
[BlackTeamCountry "ESP"]

1. d4 Nf6 2. c4 g6 3. Nc3 d5 4. Nf3 Bg7 5. Qb3 dxc4 6. Qxc4 0-0 7. e4 a6 8. a4 b5 9. Qb3 Nc6 10. axb5 Nxd4 11. Nxd4 Qxd4 12. Be3 Qd8 13. bxa6 Be6 14. Qc2 Ng4 15. Bc5 f5 16. f3 Nf6 17. Bd3 Nd7 18. Bf2 Ne5 19. Be2 Nc4 20. 0-0 Qc8 21. exf5 gxf5 22. b3 Nd6 23. Ra3 Qe8 24. Re1 Bf7 25. Na4 Nb5 26. Bxb5 Qxb5 27. Rxe7 Rxa6 28. Qxc7 Rc6 29. Qg3 Qb4 30. Ra1 Qxe7 31. Bd4 Rg6 32. Qf2 Bxd4 0-1

[Event "Las Palmas Insular-chT Pref"]
[Site "Las Palmas"]
[Date "2015.02.28"]
[Round "8.4"]
[White "Lopez Colon, Francisco"]
[Black "Marrero Lopez, Agustin"]
[Result "1-0"]
[WhiteElo "2006"]
[BlackElo "1814"]
[PlyCount "135"]
[EventDate "2014.11.22"]
[EventType "team-tourn"]
[EventRounds "14"]
[EventCountry "ESP"]
[SourceTitle "EXT 2016"]
[Source "ChessBase"]
[SourceDate "2015.10.08"]
[SourceVersion "1"]
[SourceVersionDate "2015.10.08"]
[SourceQuality "1"]
[WhiteTeam "Villa de Teror Goya"]
[BlackTeam "Maspalomas"]
[WhiteTeamCountry "ESP"]
[BlackTeamCountry "ESP"]

1. d4 d5 2. c4 e6 3. Nc3 Nf6 4. Bg5 Be7 5. e3 Nbd7 6. Nf3 h6 7. Bh4 0-0 8. Qc2 c6 9. Bd3 dxc4 10. Bxc4 b5 11. Bd3 Bb7 12. 0-0 a6 13. a4 Rc8 14. Bxf6 Bxf6 15. b4 e5 16. Ne4 Qe7 17. Rab1 Rfd8 18. Rfd1 exd4 19. exd4 Nb6 20. Nxf6+ Qxf6 21. a5 Nd5 22. Bh7+ Kh8 23. Be4 Qe7 24. Bxd5 Rxd5 25. Re1 Qf6 26. Qe4 Rd7 27. Ne5 Rdc7 28. Qe3 Kg8 29. Rbd1 Rd8 30. Qc3 Rd5 31. Rd3 Qf5 32. g3 Qg5 33. Rde3 Qf6 34. Re4 Qd6 35. Nf3 g6 36. Re5 Bc8 37. Rc1 Bg4 38. Rxd5 Qxd5 39. Ne1 Rd7 40. Qxc6 Qxd4 41. Qc5 Qd2 42. Qc8+ Kg7 43. Qc3+ Qxc3 44. Rxc3 Rd1 45. Re3 Bh3 46. f3 Rd4 47. Re4 Rxe4 48. fxe4 Kf6 49. Nd3 Bc8 50. Kf2 Ke6 51. Ke3 f5 52. exf5+ Kxf5 53. Kd4 Kg4 54. Ne5+ Kh3 55. Nxg6 Kxh2 56. Ne7 Bg4 57. Kc5 Kxg3 58. Kb6 h5 59. Ng6 Kg2 60. Kxa6 Kg1 61. Kxb5 Bf5 62. Nh4 Be4 63. Kc4 Kh2 64. Kd4 Bb7 65. b5 Kg3 66. Ng6 Kg4 67. a6 Ba8 68. b6 1-0

[Event "Gran Canaria Cabildo op"]
[Site "Gran Canaria"]
[Date "2015.02.27"]
[Round "1"]
[White "Biscarri Candalia, Oscar"]
[Black "Lopez Colon, Francisco"]
[Result "0-1"]
[WhiteElo "1461"]
[BlackElo "2003"]
[PlyCount "114"]
[EventDate "2015.02.27"]
[EventType "swiss"]
[EventRounds "7"]
[EventCountry "ESP"]
[SourceTitle "CBM 165 Extra"]
[Source "ChessBase"]
[SourceDate "2015.04.21"]
[SourceVersion "1"]
[SourceVersionDate "2015.04.21"]
[SourceQuality "1"]

1. d4 Nf6 2. c4 g6 3. Nc3 Bg7 4. g3 0-0 5. Nf3 d6 6. Bg2 Nc6 7. e3 Bf5 8. 0-0 Nb4 9. Ne1 Qc8 10. a3 Nc6 11. b4 Bh3 12. Ne2 e5 13. d5 Ne7 14. f4 Bxg2 15. Kxg2 Ng4 16. Ra2 Nf5 17. Qd3 e4 18. Qb3 h5 19. h3 Ngh6 20. Kh2 c6 21. Rc2 cxd5 22. cxd5 Qd7 23. Ng2 Rac8 24. Bd2 Qb5 25. Re1 Rxc2 26. Qxc2 Qxd5 27. Rd1 Qc6 28. Rc1 Qxc2 29. Rxc2 Re8 30. Rc7 Re7 31. Rxe7 Nxe7 32. Nc3 d5 33. Ne1 a6 34. Na4 Nc6 35. Nc2 f5 36. Nc5 Nd8 37. Nb3 Ne6 38. Nc5 Nxc5 39. bxc5 Kf7 40. Bb4 Ke6 41. Kg2 Nf7 42. Kf2 Nd8 43. Nd4+ Kd7 44. Ba5 Nc6 45. Bc3 Bxd4 46. exd4 Kc7 47. Ke3 b6 48. h4 b5 49. Bd2 a5 50. Bc1 Kb7 51. Bb2 Ka6 52. Kd2 a4 53. Kc2 b4 54. Kd2 bxa3 55. Bxa3 Nxd4 56. Kc3 Nb5+ 57. Kb4 Nxa3 0-1

[Event "Las Palmas Centro Goya op"]
[Site "Las Palmas"]
[Date "2014.12.08"]
[Round "9"]
[White "Diaz Mendoza, Eladio"]
[Black "Lopez Colon, Francisco"]
[Result "0-1"]
[WhiteElo "1527"]
[BlackElo "2006"]
[PlyCount "172"]
[EventDate "2014.12.01"]
[EventType "swiss"]
[EventRounds "9"]
[EventCountry "ESP"]
[SourceTitle "CBM 163 Extra"]
[Source "ChessBase"]
[SourceDate "2014.12.23"]
[SourceVersion "1"]
[SourceVersionDate "2014.12.23"]
[SourceQuality "1"]

1. f4 d5 2. d4 Nf6 3. Nf3 Bf5 4. e3 Nbd7 5. Nbd2 e6 6. Be2 c5 7. c3 Be7 8. 0-0 0-0 9. Ne5 Ne4 10. Bg4 Bxg4 11. Nxg4 Ndf6 12. Nf2 Nxf2 13. Rxf2 b5 14. a3 a5 15. g4 Nd7 16. g5 f6 17. h4 Qb6 18. Rg2 b4 19. Nf3 f5 20. Qa4 Qb7 21. Qc2 Rfc8 22. Qd2 Qb5 23. a4 Qa6 24. Re2 Bd6 25. Kg2 Rab8 26. Ne1 Nb6 27. Kf3 Rc7 28. Qd3 c4 29. Qd2 Nc8 30. Kg3 Be7 31. Nf3 Nd6 32. Qe1 Ne4+ 33. Kg2 bxc3 34. bxc3 Rcb7 35. Rc2 Rb3 36. Ng1 Qc6 37. Ne2 Rb1 38. Rca2 R8b3 39. Rxb1 Rxb1 40. Ng3 Nxg3 41. Kxg3 Qe8 42. Qd1 Rb3 43. Bd2 Ba3 44. Qa1 Bd6 45. Qd1 Qb8 46. h5 Qe8 47. Kh4 h6 48. Qc2 Ba3 49. Bc1 Qxa4 50. Bxa3 Qb5 51. Bc5 hxg5+ 52. fxg5 Qb8 53. Qh2 Qxh2+ 54. Rxh2 Rxc3 55. Ra2 Kf7 56. Rxa5 Rxe3 57. Ra7+ Ke8 58. Rxg7 Re4+ 59. Kg3 c3 60. h6 Re3+ 61. Kg2 Re2+ 62. Kf3 Rh2 63. h7 c2 64. Rg8+ Kd7 65. h8Q Rxh8 66. Rxh8 c1Q 67. Rh7+ Kc6 68. Rg7 f4 69. Rg8 Qe3+ 70. Kg4 Qg3+ 71. Kh5 f3 72. Re8 Qh3+ 73. Kg6 f2 74. Rf8 f1Q 75. Rxf1 Qxf1 76. Kg7 Kd7 77. g6 Ke8 78. Bd6 Qh3 79. Be5 Qf5 80. Bf6 Qb1 81. Be5 Qb7+ 82. Kh6 Kf8 83. Bd6+ Kg8 84. Be5 Qb1 85. Kg5 Qf5+ 86. Kh6 Qxe5 0-1